The boat-owner's practical dictionary

محفوظ في:
التفاصيل البيبلوغرافية
المؤلف الرئيسي: Desoutter, Denny (مؤلف)
التنسيق: كتاب
اللغة:الإنجليزية
منشور في: Londres Hollis and Carter 1978
سلاسل:Leisure sailing series
الموضوعات:
الوسوم: إضافة وسم
لا توجد وسوم, كن أول من يضع وسما على هذه التسجيلة!

MARC

LEADER 00000nam a2200000 a 4500
001 UCR4950
003 CL-VaPUC
008 980320e19780000UK |||||||||||||||||eng|d
082 0 4 |a 797.1  |b DES  |2 21 
100 0 |a Desoutter, Denny  |e author  |9 405569 
245 1 4 |a The boat-owner's practical dictionary 
300 |a 247 p 
942 |c BK 
945 |d 19980320 00:00:00  |a crobeson 
260 |a Londres  |b Hollis and Carter  |c 1978 
650 0 |a Botes  |9 324431 
650 7 |a NAVEGACION EN BOTE  |2 CL-VaPUC  |9 405570 
650 0 |a Diccionarios  |9 256200 
583 |a last modification  |c 19980320 00:00:00  |k Rodrigo Vera 
490 0 |a Leisure sailing series 
999 |c 267728  |d 267726